000 03307nam a2200565Ia 4500
001 456
008 241029s9999 xx 000 0 und d
010 _a421
041 _aEspañol
082 _a2012-11765
245 0 _aUso de los recursos didácticos en el proceso de enseñanza-aprendizaje en el área de las Ciencias Sociales, Liceo del Distrito Educativo 05-01, período 2011-2012
260 _aSan Pedro de Macorís
300 _a74
520 _a20
630 _aAprendizaje
630 _aEnseñanza
630 _aRecursos Didácticos
630 _aTecnología Educativa
650 _aCiencias Sociales
690 _aCopiado sin cambios
700 _easesor
_aCabrera, Argentina
700 _eautor
_aRamírez Richards, Yeritza Mercedes
700 _eautor
_aCastro Castillo, Martina
901 _a{"1":"Ramírez Richards","2":"Castro Castillo"}
_b{"1":"Yeritza Mercedes ","2":"Martina"}
902 _a1
903 _a{"1":"Cabrera"}
_b{"1":"Argentina"}
904 _aMaestría en
905 _aCiencias Sociales
906 _a1
907 _aOrientada en
908 _aInvestigación y Enseñanza
909 _aISFODOSU, Recinto Juan Vicente Moscoso
910 _aNULL
_bNULL
911 _a["1"]
912 _aNO APLICA
913 _aNULL
914 _a01 de Mayo de 2012
915 _a17/09/14 10:09
916 _aNULL
917 _aNULL
918 _aNO APLICA
919 _a["18","202","175","191"]
520 _aEste estudio tuvo como objetivo general analizar el uso de los Recursos Didácticos en el proceso de Enseñanza-Aprendizaje en el área de Ciencias Sociales. De acuerdo con las variables sustentadas al soporte teórico fundamental se basó en los conceptos relacionados, de cuales materiales están dotados los liceos en el área de Ciencias Sociales, factores que inciden en el uso y manejo de los recursos didácticos en los Liceos Gastón Fernando Deligne y Federico R. Bermúdez. El recurso didáctico es una construcción particular de un docente para una clase determinada, a través de la cual un material, una estrategia, se convierte en herramienta de trabajo. Los medios audiovisuales ocupan un lugar muy importante en la relación sujeto de enseñanza-aprendizaje.Los recursos didácticos tienen una importancia fundamental en la educación, constituyen una herramienta de valor incalculable dentro del proceso de enseñanza-aprendizaje. El uso de los recursos audiovisuales es muy antiguo en la enseñanza, fueron usados por las grandes civilizaciones antiguas como: Egipto, La India, y la China. Se emplearon moderadamente en forma sistemática y planeada a raíz de la Segunda Guerra Mundial. Metodológicamente es una investigación cuantitativa y descriptiva, la cual corresponde al tipo de investigación documental y de campo. Para la recolección de datos se aplicó la técnica de observación y encuesta. Los resultados  permitieron determinar que los docentes presentan deficiencia en el uso y manejo de los recursos  didácticos en el área de Ciencias Sociales. Para mejorar esta deficiencia se propuso, diseñar y ejecutar talleres sobre el uso y manejo de los Recursos Didácticos. 
921 _a2
922 _a2
923 _a0
924 _aNO APLICA
942 _cTesis
999 _c421
_d421